| 000 | 00621nab a2200193 4500 | ||
|---|---|---|---|
| 001 | 244442 | ||
| 003 | OSt | ||
| 005 | 20250610125716.0 | ||
| 007 | tu | ||
| 008 | 200917s2020||||||| | ||
| 040 |
_aDE-2950 _cDE-2950 |
||
| 245 | 0 | 0 |
_aStrategie für mehr Wachstum gefordert _bStadtentwicklung. Die Frankfurter Netzwerkstatt will aktiver mitgestalten. Dafür erarbeiten sie Ideen in einem Workshop/ _cred |
| 264 | _c2024 | ||
| 653 | _aFrankfurt (Oder) | ||
| 653 | _aNetzwerkstatt | ||
| 653 | _aStadtentwicklung | ||
| 773 | 0 |
_g36. Jahrgang (2025) Nr. 127 vom 03.06.2025, S. 17 mit Foto _tMärkische Oderzeitung |
|
| 942 |
_2z _cA |
||
| 999 |
_c373813 _d373813 |
||